• 首页
  • 本馆介绍
  • 公告通知
  • 最新文献
  • 馆藏检索
  • 电子资源
  • 读者导购
  • 参考咨询
  • 我的图书馆
  • 登录
  • 详细信息显示
  • 放入我的书架
  • 预约/预借图书
  • 作者相关作品
  • 分类相关作品
  • 丛书相关作品
  • 出版社相关作品

书目信息

  • 表格格式
  • 工作单格式
  • 卡片格式
题名:
太平轮一九四九
    
 
作者: 张典婉 著
分册:  
出版信息: 北京   生活·读书·新知三联书店  2011.02
页数: 285页
开本: 23cm
丛书名:
单 册:
中图分类: I253.9 , U676.8
科图分类:
主题词: 报告文学--中国--当代 , 船舶遇难--中国--1949--史料
电子资源:
ISBN: 978-7-108-03711-4
000 00787nam0 2200265 45
001 512
005 20120601103029.45
010    @a978-7-108-03711-4@dCNY30.00
100    @a20120328d2011 em y0chiy50 ea
101 0  @achi
102    @aCN@b110000
105    @ay z 000yy
106    @ar
200 1  @a太平轮一九四九@ATai Ping Lun Yi Jiu Si Jiu@f张典婉著@FZhang Dian Wan Zhu
205    @a增订版
210    @a北京@c生活·读书·新知三联书店@d2011.02
215    @a285页@c图, 照片@d23cm
305    @a城邦文化事业股份有限公司商周出版事业部授权出版
606 0  @a报告文学@y中国@z当代
606 0  @a船舶遇难@y中国@z1949@x史料
690    @aI253.9@v4
690    @aU676.8@v4
701  0 @a张典婉@AZhang Dian Wan@4著
801  0 @aCN@bTSTCL@c20120328
905    @b0812420-24@dI253.9@e825@f5
    
    太平轮一九四九/张典婉著.-增订版.-北京:生活·读书·新知三联书店,2011.02
    285页:图, 照片;23cm
    
    
    ISBN 978-7-108-03711-4:CNY30.00
    
●
相关链接 在E读中查询图书 在五车中查询图书 在当当中查询图书 在豆瓣中查询图书


正题名:太平轮一九四九     索取号:I253.9/825         预约/预借

序号 登录号 条形码 馆藏地/架位号 状态 备注
1 0812420   208124206   第一样本阅览室/ [索取号:I253.9/825] 在馆    
2 0812421   208124215   第二借阅区/ [索取号:I253.9/825] 在馆    
3 0812422   208124224   第二借阅区/ [索取号:I253.9/825] 在馆    
4 0812423   208124233   第二借阅区/ [索取号:I253.9/825] 在馆    
5 0812424   208124242   第二借阅区/ [索取号:I253.9/825] 在馆    
唐山师范学院图书馆 欢迎您!
大连网信软件有限公司© 版权所有